000 00571nam a2200193Ia 4500
005 20260601193246.0
008 260601s9999||||xx |||||||||||||| ||und||
020 _a978-3-031-57452-8
_qebk
100 _aTuomo Sipola
245 0 _aArtificial Intelligence for Security
250 _a2024
260 _aHeidelberg, Germany
_bSpringer Nature
_c2024
650 _aComputer Science
700 _aJanne Alatalo
700 _aMonika Wolfmayr
700 _aTero Kokkonen
856 _uhttps://link.springer.com/openurl?genre=book&isbn=978-3-031-57452-8
942 _cEB
_2ddc
999 _c56567
_d56567